geometry dash all platformer extreme demons - Statistics

General Stats
  • This quiz has been taken 71 times
    15 since last reset
  • The average score is 86 of 137
Answer Stats
Hint Answer % Correct
22 22 Trials of PAIN
93%
3x 3x3
93%
4i 4imu
93%
CO CONVOLUTION
93%
IW IWannaPlatformerList
93%
Cr Crerro Kaizo I
86%
Cr Crerro Kaizo II
86%
Di Diamonds For Dashers
86%
im im happy 4 you
86%
Nu Null
86%
Pi Pimu
86%
Qi Qimu
86%
Th The Tower XXII
86%
Yi Yimu
86%
Ze Zenith Of The Sky
86%
Ad Adrenaline
79%
Ae Aerios
79%
Am Ambidexter
79%
Aq Aquanemesis
79%
As Ascension Tower
79%
AV AVALANCHE
79%
Ch Chief Needler
79%
Ci Cimu
79%
Fi Fimu
79%
Fr Free Solo
79%
FU FURY OF 500
79%
gl glungus
79%
i i loved you
79%
In Intervallum
79%
Je Jetpack Trials
79%
LI LIMU
79%
Me Medramint
79%
Ra Rabbit Hole
79%
ri rimu
79%
Ro Robot King
79%
St Starlight Cyclone
79%
Th The Abyss
79%
Uh Uhm Huh
79%
vo vortex
79%
Wh Whats The Point
79%
di dish rags
71%
ec echos du silence
71%
Ex Exaltation
71%
ga gallery
71%
In Intersummisse
71%
Lo LobaXmasTower
71%
My Myrce
71%
Pr Project BUZZKILL
71%
Te Terminal Heaven
71%
Ti Timu
71%
Uh Uh Oh
71%
Wi Withering Gallery
71%
Bo Bouncy Ball
64%
CA CASIO HELLBURST
64%
de depth
64%
du dusty travel
64%
EC ECSTASIS
64%
EC ECT6 KOHTAKT
64%
EN ENTANGLEMENT
64%
Es Estufa
64%
Fu Fulmination
64%
Gi Give Up II
64%
Ha Happy World
64%
He Hexagonestestestest
64%
HY HYPER GRAVITRON
64%
Il Iliobasilema
64%
i i wanna rob the top
64%
Ke Kebnekaise
64%
LX LXE
64%
Ne Nextphase
64%
NI NIGHT RUNNER
64%
SC SCORCHING LANDSCAPE
64%
To Tower of Infinity
64%
un unwell
64%
Vo Void World
64%
We We Forgot Everything
64%
Be Beatpulse
57%
Bl Blocktober Casino
57%
ca cabbit
57%
CO CONVEYOR
57%
De Dead Of Night
57%
DE DETERNARY
57%
En Entrenched
57%
fi fish in the sink
57%
Fl Fluxion
57%
FR FRUSTRATION
57%
Gu Guidance
57%
Ic Ice Climbers
57%
Li Life and Beauty
57%
Me Mechanical Warehouse
57%
Me Mesabisos
57%
No Novae Project
57%
Pl Platscapes
57%
Sl Sleep
57%
St Storm Front
57%
SW SWAP CORE
57%
th the guards mission
57%
Th Throat of the World
57%
Tr Trouncy Ball
57%
Wh Whg3 Lv5
57%
Wh Whoopsie Gravy
57%
Cu Current Current
50%
Du Dungeon Treasures
50%
ET ETERNAL ENDING
50%
fo forgotten veil
50%
Ge GetFixedBoi
50%
HO HOOKIN UP WITH CUSTI
50%
Le Lets All Love Lain
50%
Nu Nuclear Alarm
50%
Pl Plastic Flowers
50%
St Steelworks Bounce
50%
st stormpunk
50%
SU SUMMER
50%
Th The Observatory
50%
Wa Walk to the midnight
50%
Cr Creepy Needle
43%
De Deadramino
43%
De Death of the Divine
43%
Fe Feverest Dream
43%
lo lost summary
43%
ra radio tower
43%
se serenity
43%
Th The Sun
43%
Tr Tragedy in 5 acts
43%
Ch Chaos Ball Theory
36%
Co Coldest Winter Yet
36%
De Delightfall
36%
Fa Facility Collapse
36%
He Heavenly Echo
36%
Hi Hidden Horizons
36%
Me Meisou Hanabi
36%
Po Pointless Park
36%
Th The Savannah Citadel
36%
Th The SMR Collection
36%
To Tomb of the Pain
36%
He Heartbeat
21%
St Stickerbush Symphony
14%
No matching quizzes found
Score Distribution
Percent of People with Each Score
Percentile by Number Answered
Your Score History
You have not taken this quiz since the last reset